000 00657nam a22002177a 4500
003 UA-OsUOA
001 114224
007 ta
008 20151026b un ||||| |||| 00| 0 ukr d
100 _aМацибора Т.В.
090 _a330(477)
_bМ36
942 _cSA
040 _aUA-OsUOA
_bfre
_cUA-OsUOA
_dUA-OsUOA
245 _aПрямі іноземні інвестиції як індикатор інвестиційної привабливості
300 _aС.27-32
955 _a0
041 _afre
080 _a330(477)
773 0 _w114222
_tЕкономіка АПК
_dК.
_d2015
_g10
650 7 _a330 Економіка взагалі
_2UDC
999 _c400372
_d400372